000 00494nam a2200145Ia 4500
008 151213s9999 xx 000 0 und d
100 _aসাঈদ আহমেদ।
245 _aকালবেলা মাইলপেট,তৃজয়া।
_cসাঈদ আহমেদ।
260 _aঢাকা
_bবাংলা একাডেমী।
_c1992
300 _a8826 p.
650 _aBangla
650 _aনাটক।
700 _aসাঈদ আহমেদ।
999 _c4611
_d4611